000 00546nam a22002057a 4500
003 SEACOMMC
005 20231109070213.0
008 231109b |||||||| |||| 00| 0 eng d
020 _cRs. 195.00
040 _aSEACOMMC
082 _a539.2
_bJOR
100 1 _aJordon, Edward C.
245 1 _aElectromagnetic waves and radiating systems
_cEdward C. Jordon and Keith G. Balmain
250 _a2nd Ed
260 _aNew Delhi
_bPrentice-Hall
_c2003
650 _aPhysics
650 _aModern physics
700 1 _aBalmain, Keith G.
942 _cBOOK
999 _c317
_d317